| 000 | 00479nam a2200157 a 4500 | ||
|---|---|---|---|
| 001 | 000039831 | ||
| 005 | 20201002033747.0 | ||
| 008 | 130724s2007 cu 000 0 spa d | ||
| 020 | _a9789590108037 | ||
| 040 |
_aDO-SdBNP _bspa _cBNPHU |
||
| 100 | 1 |
_aRodríguez Salgado, Ramón _966020 |
|
| 245 | 1 | 0 |
_aVerguenza contra dinero / _cRamón Rodríguez Salgado. |
| 260 |
_aLa Habana : _bPolítica, _c2007. |
||
| 300 |
_a286 p. ; _c23 cm. |
||
| 500 | _aIncluye notas al pie de las páginas | ||
| 999 |
_c39321 _d39321 |
||